[Event "Paris GCT 2017 Blitz"]
[Site "Paris"]
[Date "2017.06.25"]
[Round "10"]
[White "Nakamura, Hikaru"]
[Black "Vachier-Lagrave, Maxime"]
[Result "0-1"]
[WhiteElo "2792"]
[BlackElo "2783"]
[Annotator "TA"]
[PlyCount "88"]
[EventDate "2017.??.??"]
[EventType "tourn"]
[EventCountry "FRA"]
[SourceTitle "playchess.com"]
[Source "ChessBase"]
[SourceQuality "1"]

{[%evp 19,88,18,29,20,20,14,37,0,0,0,0,0,12,-14,0,-37,-41,-59,-49,-87,-85,-96,-81,-91,-47,-142,-126,-147,-63,-164,-141,-155,-166,-154,-152,-185,-130,-136,-140,-340,-311,-427,-178,-280,-250,-302,-296,-293,-278,-328,-328,-750,-749,-870,-782,-775,-775,-755,-754,-752,-693,-751,-750,-750,-743,-728,-723,-720,-716,-29988,-29989]} 1. d4 Nf6 2. c4 g6 3. Nf3 Bg7 4. e3 O-O 5. Be2 c5 6. d5 {E60: King's Indian: Unusual lines and Fianchetto Variation without Nc3} e6 7. O-O d6 8. Nc3 exd5 (8... Re8 9. e4 exd5 10. exd5 Ne4 11. Nxe4 Rxe4 12. Bd3 Re8 13. Bg5 Bf6 14. Qd2 Nd7 15. Rfe1 Ne5 16. h4 Nxf3+ 17. gxf3 Bd7 18. Rxe8+ Bxe8 19. Qf4 Bxg5 20. hxg5 h6 21. gxh6 Qe7 {½-½ (35) Nakamura,H (2786)-Svidler,P (2755) Moscow 2017}) 9. cxd5 Na6 {[%cal Bb8a6,Ba6c7,Bc7b5][%mdl 32]} 10. Nd2 Re8 {LiveBook: 22 Games} 11. e4 Rb8 12. Re1 Bd7 13. h3 $146 ({Predecessor:} 13. Bf1) 13... Nc7 14. a4 a6 15. a5 Nb5 16. Bf1 Nh5 17. g4 {And now Nxb5 would win.} Nf6 $1 18. Bg2 h5 $1 $36 {[%mdl 2048] Black has the initiative.} 19. Nxb5 Bxb5 20. Ra3 hxg4 21. hxg4 Nd7 22. Ree3 {[#]} (22. Bf1 $15) 22... c4 $1 $17 23. b3 cxb3 (23... c3 $17 24. Nc4 Nc5) 24. Rexb3 (24. Nxb3 $15 Rc8 25. Rh3) 24... Rc8 25. Bb2 Bxb2 26. Rxb2 Qf6 27. Rbb3 Kg7 (27... Rc5 $19 28. g5 Qxg5) 28. Rg3 Ne5 29. Nf3 $2 {[#]} (29. Nf1 $17 {was necessary.}) 29... Qf4 $1 $19 {Strongly threatening ...Rc1.} 30. Ra1 Qxe4 (30... Rc3 $142 31. Qd4 Rc4) 31. Nd4 (31. Nxe5 $142 Qxe5 32. Re3) 31... Qf4 32. Nxb5 axb5 33. Qb3 Nxg4 34. Rf1 b4 {aiming for ...Rc3!} 35. Qb2+ $2 {[#]} (35. Qf3 Rc4 36. Qxf4 Rxf4 37. Rf3) 35... Rc3 $1 36. Rd1 (36. Rxc3 Qh2#) 36... Re5 37. Qd2 Qxd2 38. Rxd2 Rxg3 39. fxg3 {[%mdl 4096] Endgame KRB-KRN} Re1+ 40. Bf1 Ne3 41. Kf2 Nxf1 42. Rb2 Ra1 43. g4 b3 44. g5 Ra2 {Precision: White = 28%, Black = 74%.} 0-1

[Event "Paris GCT 2017 Blitz"]
[Site "Paris"]
[Date "2017.06.25"]
[Round "10"]
[White "So, Wesley"]
[Black "Karjakin, Sergey"]
[Result "0-1"]
[WhiteElo "2789"]
[BlackElo "2776"]
[Annotator "TA"]
[PlyCount "107"]
[EventDate "2017.??.??"]
[EventType "tourn"]
[EventCountry "FRA"]
[SourceTitle "playchess.com"]
[Source "ChessBase"]
[SourceQuality "1"]

{[%evp 15,107,5,13,7,9,0,14,4,16,5,19,16,16,0,7,11,22,12,27,14,35,36,29,19,27,37,44,47,64,35,37,41,37,0,35,0,48,27,16,0,0,0,13,13,48,0,6,-24,-27,-33,-40,-77,-68,-110,-114,-122,-123,-131,-104,-146,-115,-133,-81,-98,-90,-120,-110,-185,-120,-124,-116,-125,-120,-286,-288,-497,-511,-449,-366,-414,-338,-341,-339,-342,-276,-393,-385,-633,-633,-625,-620,-598,-583,-559]} 1. d4 Nf6 2. c4 e6 3. g3 Bb4+ 4. Bd2 Be7 5. Bg2 d5 6. Nf3 O-O 7. O-O Nbd7 8. Qc2 c6 9. a4 {E11: Bogo-Indian} a5 10. Rc1 Ne4 11. Ne1 {The position is equal.} Nd6 12. Na3 b6 13. cxd5 cxd5 {[#]} 14. b4 $146 ({Predecessor:} 14. Qb3 Ba6 15. Nb5 Rc8 {½-½ (32) Aronian,L (2793)-Anand,V (2786) Stavanger 2017}) 14... axb4 15. Bxb4 Ba6 16. e3 Nc4 17. Qb3 Ra7 (17... Bxb4 {looks sharper.} 18. Qxb4 Nxa3 19. Rxa3 Rc8 20. Rxc8 Qxc8 21. Rc3 Qb8) 18. Nb5 Bxb5 19. axb5 Rxa1 20. Rxa1 Bxb4 21. Qxb4 Na5 22. Nd3 Qb8 23. Qe7 Qd8 24. Qb4 Qb8 25. Qe7 Qd8 $1 {[%cal Rd8e7]} 26. Qd6 Nf6 27. Qxd8 Rxd8 28. Rc1 Nc4 29. Nb4 Ra8 30. Na6 {Hoping for Rxc4!} Rc8 31. Bf1 Ne4 32. Nb4 Ned6 33. Nc6 {[#] Threatens to win with Ne7+.} Kf8 $1 34. Bxc4 dxc4 $15 {[%mdl 4096] Endgame KRN-KRN} 35. Kf1 f6 ({Much weaker is} 35... Nxb5 $6 36. Rxc4 Nd6 37. Rc2 $11) 36. Nb4 Nxb5 37. d5 Kf7 38. Ke2 Rc7 (38... f5 $142 39. f3 Ke7) 39. e4 Nd6 40. f3 Ra7 41. Rc2 (41. dxe6+ $17 {might work better.} Kxe6 42. Nc6 Ra2+ 43. Ke3) 41... exd5 ({Black should try} 41... e5 $19 42. Rb2 b5) 42. Nxd5 b5 {[%cal Bb6b5,Bb5b4][%mdl 32]} 43. Rd2 Ke6 44. Nc3 $2 {[#]} (44. Nb4 $17) 44... Rb7 $1 $19 45. Rd5 $2 (45. Kd1 {was called for.}) 45... b4 46. Na4 {Strongly threatening Nc5+.} Ke7 47. e5 fxe5 48. Rxe5+ Kf6 49. Rd5 Nf5 50. Nc5 (50. g4 $142 Re7+ 51. Kf2) 50... Ra7 51. g4 $2 (51. f4 Re7+ 52. Kf2) 51... Ra2+ {Black is clearly winning.} 52. Ke1 Ne3 53. Ne4+ Ke6 54. Rb5 {Precision: White = 38%, Black = 57%.} 0-1

[Event "Paris GCT 2017 Blitz"]
[Site "Paris"]
[Date "2017.06.25"]
[Round "10"]
[White "Caruana, Fabiano"]
[Black "Carlsen, Magnus"]
[Result "1-0"]
[WhiteElo "2782"]
[BlackElo "2851"]
[Annotator "TA"]
[PlyCount "97"]
[EventDate "2017.??.??"]
[EventType "tourn"]
[EventCountry "FRA"]
[SourceTitle "playchess.com"]
[Source "ChessBase"]
[SourceQuality "1"]

{[%evp 16,97,0,-5,0,-29,-27,-54,-31,-52,-55,-85,-77,-89,-59,-72,-26,-20,-19,-25,-26,-57,-52,-54,-29,-58,0,0,0,0,0,0,0,8,13,9,18,-42,-47,-122,-44,-64,-48,-33,-19,-104,-97,-179,-107,-119,-20,-20,-26,-29,270,286,269,261,241,0,63,0,323,324,320,320,293,214,346,-292,222,-160,342,-1350,1682,1725,1399,1399,1502,1493,29987,29988,29992,29993]} 1. Nf3 d5 2. g3 Nf6 3. Bg2 Bg4 4. O-O e6 5. d3 Be7 6. h3 {A07: Réti Opening: New York and Capablanca Systems} Bh5 7. Nbd2 (7. c4 c6 8. cxd5 Bxf3 9. Bxf3 cxd5 10. Nc3 Nc6 11. e4 {½-½ (52) Saric,I (2666)-Kraemer,M (2570) Germany 2017}) 7... c5 8. e4 Nc6 9. Re1 {LiveBook: 9 Games} dxe4 10. dxe4 O-O 11. e5 Nd7 12. g4 $146 ({Predecessor:} 12. Nc4 b5 13. g4 {1-0 (44) Moran,P-Bulgarini Torre,M (2077) Santiago de Chile 2007}) 12... Bg6 13. Nc4 Nb4 14. Ne3 Nb6 15. Qe2 N6d5 (15... Qc7 {seems wilder.} 16. Nh2 c4 17. a3 Nc6 18. Nf3 c3) 16. Rd1 $1 Qc7 {Strongly threatening ...Nxe3.} 17. Nxd5 Nxd5 18. a3 c4 19. Nd4 Rfd8 20. Kh1 c3 (20... Bc5 $15) 21. b4 $11 Qb6 22. Nb3 $1 Rd7 23. f4 {[%cal Bf2f4,Bf4f5][%mdl 32]} Rad8 {And now ...Bxc2! would win.} 24. Rf1 {aiming for f5.} h6 25. f5 Bh7 26. Na5 (26. f6 $1 $11 gxf6 27. Bxh6) 26... Qc7 27. Nc4 ({White should try} 27. Nb3 $15) 27... b5 (27... Rc8 $1 $17 28. Na5 Bh4) 28. Na5 $1 $15 a6 29. Nb3 Nb6 30. Bf4 (30. Na5 $11) 30... Nc4 $17 31. Bg3 (31. Rfe1 $17 {is a better defense.}) 31... Bg5 ({Better is} 31... Nd2 $1 $19 32. Nxd2 cxd2) 32. Rf3 Rd2 (32... Nd2 $17 33. Nc5 Nxf3 34. Qxf3 Rd4 35. fxe6 Qe7) 33. Nxd2 $11 cxd2 34. h4 {[%cal Bh3h4,Bh4g5][%mdl 32]} Ne3 $2 {[%mdl 8192]} (34... Be3 $11 {and Black stays safe.} 35. Rd1 exf5 36. gxf5 Qa7) 35. hxg5 $18 d1=Q+ 36. Rxd1 Rxd1+ 37. Kh2 $2 (37. Be1 $18) 37... Nxg4+ $11 38. Kh3 Rd4 $2 {[%mdl 8192] [#]} (38... Qd7 $1 $11 39. g6 fxg6 40. Kxg4 (40. f6 $2 g5 $19) 40... g5) 39. g6 $1 $18 {[%cal Rg6h7][%mdl 512]} fxg6 40. fxe6 g5 41. Rf7 $40 {[%mdl 128] White wants a kill.} Qc8 {[#]} (41... Qc3 $142) 42. Qf3 $4 {[%mdl 8192]} (42. Rd7 $1 $18 {[%cal Rd7d4][%mdl 512] was the only winning move.} Nf2+ (42... Rxd7 43. exd7) 43. Bxf2 Bf5+ 44. Kg3 Rxd7 45. exd7 Qxd7 46. Be4) 42... Bg6 $4 {[%mdl 8192] [#]} (42... Be4 $19 43. Qb3 Bxc2) 43. Re7 $2 (43. Rd7 $1 $18 {[%cal Rd7d4][%mdl 512]} Rxd7 44. exd7 Qxd7 45. Qd5+ (45. Qxg4 $2 Bf5 $19) 45... Qf7 46. Qxf7+ Bxf7 47. Kxg4 Be6+ 48. Kf3) 43... Nxe5 $2 (43... h5 $17 {keeps the pressure on. Threatens to win with ...Rc4.} 44. Qb7 Qxb7 45. Bxb7 Bf5 46. Re8+ Kh7) 44. Qf2 $4 {[%mdl 8192]} (44. Bxe5 $18 g4+ 45. Qxg4 Rxg4 46. Rxg7+ Kf8 47. e7+ Ke8 48. Rg8+ Kxe7 49. Rxc8) 44... Qd8 $4 {[%mdl 8192] [#]} (44... Qc3 $19 45. Bf3 Nxf3) 45. Rxg7+ $1 {[%mdl 512]} Kxg7 46. Bxe5+ Kg8 47. Bxd4 Qd6 48. Qf6 {[%csl Gd4][%cal Rf6h8]} g4+ 49. Kxg4 {Precision: White = 38%, Black = 31%.} 1-0

[Event "Paris GCT 2017 Blitz"]
[Site "Paris"]
[Date "2017.06.25"]
[Round "10"]
[White "Grischuk, Alexander"]
[Black "Topalov, Veselin"]
[Result "1-0"]
[WhiteElo "2779"]
[BlackElo "2725"]
[Annotator "TA"]
[PlyCount "83"]
[EventDate "2017.??.??"]
[EventType "tourn"]
[EventCountry "FRA"]
[SourceTitle "playchess.com"]
[Source "ChessBase"]
[SourceQuality "1"]

{[%evp 26,83,19,0,6,-3,11,-4,0,5,112,112,112,122,112,111,114,109,136,127,131,124,123,121,127,130,246,214,233,214,218,214,214,214,214,198,214,214,418,350,439,298,311,310,313,231,214,212,709,706,706,702,701,695,920,644,616,627,635,620]} 1. e4 c5 2. Nf3 d6 3. d4 cxd4 4. Nxd4 Nf6 5. Nc3 a6 6. Be3 e5 7. Nf3 Be7 8. Bc4 O-O 9. O-O Nc6 10. Bg5 Be6 11. Bb3 Nd7 {B90: Sicilian Najdorf: Unusual White 6th moves, 6 Be3 Ng4 and 6 Be3 e5} 12. Bxe7 Qxe7 13. Nd5 Qd8 14. Qe2 {LiveBook: 56 Games} Nc5 15. Rfd1 {[#]} (15. Rad1 Rc8 16. Rd2 Bg4 17. Qe3 Bxf3 18. Qxf3 Nd4 19. Qg4 Ncxb3 20. axb3 Rxc2 21. Rxc2 Nxc2 {½-½ (37) Akopian,V (2675)-Vachier Lagrave,M (2804) Doha 2016}) 15... h6 $146 ({Predecessor:} 15... Kh8 16. h3 b5 17. Rd2 Ra7 18. Rad1 Rd7 19. c3 {½-½ (108) Petrik,T (2528)-Zhou,J (2660) Khanty-Mansiysk 2010}) 16. Qe3 Nxb3 17. axb3 Ne7 (17... f5 $11 {keeps the balance.}) 18. Nb6 $16 {[%cal Bd5b6,Bb6c4,Bc4a5][%mdl 32]} Rb8 {[#]} 19. Nxe5 $1 {[%mdl 512]} Qc7 (19... dxe5 20. Rxd8) 20. Nec4 $36 {[%mdl 2048] Keeping Black busy.} Rbd8 21. Qg3 {[%cal Rd1d6]} Bxc4 22. Nxc4 Qc6 23. h3 d5 {[#]} 24. exd5 $1 Nxd5 25. Qf3 Rfe8 {[#]} (25... Ne7 $16) 26. Na5 $1 $18 {[%cal Ra5c6]} Qf6 27. Nxb7 Qxf3 28. gxf3 Rb8 29. Rxd5 Rxb7 30. Rxa6 {[%mdl 4096] Endgame KRR-KRR} Re2 31. Rc6 Rbe7 $2 (31... Re1+ 32. Kg2 Rc1) 32. Kg2 Re1 33. h4 {[%cal Bh3h4,Bh4h5][%mdl 32]} Rb1 34. h5 Rxb2 35. Rc8+ Kh7 36. Rdd8 {[%csl Gc8][%cal Rd8h8]} g5 $2 (36... g6 37. Rh8+ Kg7 38. Rcg8+ Kf6 39. hxg6 Re2 40. Rxh6 Rexc2) 37. Rh8+ {White is clearly winning.} Kg7 38. Rcg8+ Kf6 39. Rxh6+ Kf5 40. Rc6 Rb1 41. Rc5+ Kf6 42. Rgxg5 {Precision: White = 70%, Black = 32%.} 1-0

[Event "Paris GCT 2017 Blitz"]
[Site "Paris"]
[Date "2017.06.25"]
[Round "10"]
[White "Bacrot, Etienne"]
[Black "Mamedyarov, Shakhriyar"]
[Result "0-1"]
[WhiteElo "2688"]
[BlackElo "2784"]
[Annotator "TA"]
[PlyCount "78"]
[EventDate "2017.??.??"]
[EventType "tourn"]
[EventCountry "FRA"]
[SourceTitle "playchess.com"]
[Source "ChessBase"]
[SourceQuality "1"]

{[%evp 12,78,29,29,23,0,0,5,16,0,0,0,4,0,6,-2,8,-10,14,10,12,0,0,0,6,0,7,0,0,0,0,0,1,0,41,7,107,119,134,16,16,20,38,0,0,0,79,69,85,13,85,-14,0,-289,-265,-291,-291,-291,-287,-287,-281,-290,-293,-280,-262,-268,-275,-267,-264]} 1. e4 c6 2. Nf3 d5 3. Nc3 Bg4 4. h3 Bxf3 5. Qxf3 e6 6. Be2 Bc5 {B11: Caro-Kann: Two Knights Variation} 7. O-O {LiveBook: 3 Games} Ne7 8. Rd1 $146 ({Predecessor:} 8. Qg4 O-O 9. exd5 cxd5 10. d4 Bb4 11. Nb1 Qc7 12. Bd3 Bd6 13. c3 Nd7 14. Bg5 {½-½ (40) Oparin,G (2542)-Bukavshin,I (2608) Loo 2014}) 8... d4 {The position is equal.} 9. Nb1 O-O 10. d3 Bd6 11. g3 c5 12. a4 Nbc6 13. Qg2 a6 14. f4 b5 15. e5 {Strongly threatening axb5.} Bc7 16. Bf3 Qd7 17. Nd2 Rab8 18. axb5 axb5 19. Ne4 $36 {[%mdl 2048] White fights for an advantage.} Bb6 $1 20. Nd6 Bc7 21. Ne4 Bb6 $1 22. Bd2 c4 23. Kh2 Nd5 (23... cxd3 $1 $11 24. cxd3 Nd5) 24. Nd6 cxd3 25. cxd3 (25. Bxd5 $16 exd5 26. cxd3) 25... Nce7 $11 26. Rdc1 Ne3 27. Qh1 (27. Bxe3 $5 dxe3 28. Bc6 $14) 27... f6 28. exf6 $1 Rxf6 {[#]} (28... gxf6 $11 29. Bb4 N7d5) 29. Ne4 $1 $16 {[%cal Re4f6]} Rh6 {With the idea ...e5!} 30. h4 (30. Ng5 $16) 30... Ng6 {[#]} (30... e5 $11 {remains equal.} 31. fxe5 Qf5) 31. h5 ({White should try} 31. Kg1 $1 $16) 31... e5 $11 32. Ng5 $2 {[%mdl 8192]} (32. f5 $11 {and White has nothing to worry.} Qxf5 33. Bxe3 dxe3 34. Qd1) 32... exf4 $19 {Black has a decisive advantage.} 33. Bxe3 dxe3 34. Bd5+ Kh8 35. Nf7+ {[#]} Qxf7 $1 {[%mdl 512]} 36. Bxf7 Rxh5+ 37. Kg2 f3+ 38. Kxf3 Rxh1 39. Rxh1 Ne5+ {Precision: White = 46%, Black = 44%.} 0-1

[Event "Paris GCT 2017 Blitz"]
[Site "Paris"]
[Date "2017.06.25"]
[Round "11"]
[White "Carlsen, Magnus"]
[Black "Bacrot, Etienne"]
[Result "1-0"]
[WhiteElo "2851"]
[BlackElo "2688"]
[Annotator "TA"]
[PlyCount "175"]
[EventDate "2017.??.??"]
[EventType "tourn"]
[EventCountry "FRA"]
[SourceTitle "playchess.com"]
[Source "ChessBase"]
[SourceQuality "1"]

{[%evp 13,175,15,25,27,16,14,13,25,8,0,0,0,0,0,0,0,7,0,0,0,24,-12,0,0,87,93,64,37,54,57,102,15,26,8,9,4,13,3,25,18,19,18,28,12,14,14,14,14,9,7,9,14,14,8,11,6,6,0,0,0,0,0,0,0,0,0,0,0,0,0,0,0,0,0,0,0,6,0,2,0,0,0,10,0,0,0,0,0,0,0,0,0,0,1,5,0,0,0,6,0,0,0,0,0,8,0,0,0,0,0,0,0,0,0,0,0,0,0,0,0,0,0,0,0,135,135,135,135,231,208,852,69,66,64,69,70,65,68,91,54,1094,779,541,520,534,327,1351,1345,1009,861,29978,29979,12841,12808,29982,29983,29984,29984,29985,29986,29986,29987,29986,29987]} 1. e4 e5 2. Nf3 Nc6 3. Bc4 Bc5 4. O-O Nf6 5. d3 d6 6. c3 a6 7. Bb3 O-O 8. h3 {C54: Giuoco Piano: 4 c3 Nf6, main lines with 5 d4 and 5 d3} h6 9. Re1 Re8 10. Nbd2 {The position is equal.} Be6 (10... Ba7 11. Nf1 Be6 12. Ng3 Bxb3 13. Qxb3 Qd7 14. Be3 Bxe3 15. Rxe3 d5 16. Rae1 dxe4 17. dxe4 Na5 18. Qc2 Rad8 19. b3 Nc6 20. R3e2 {½-½ (52) Harikrishna,P (2762)-Matlakov,M (2691) Germany 2017}) 11. Nf1 Bxb3 12. Qxb3 Qd7 13. Be3 Bxe3 14. Nxe3 Ne7 {[%cal Bc6e7,Be7g6,Bg6f4][%mdl 32]} 15. Nh2 Ng6 16. Nhg4 $146 ({Predecessor:} 16. Neg4 Nxg4 17. Nxg4 Nf4 18. Qc2 {½-½ (18) Fossan,E (2340)-Trabert,B (2145) Gausdal 1992}) 16... Nh7 17. Qd1 Nf4 (17... h5 $5 {[%cal Rh5g4]} 18. Nh2 Nf6 $11) 18. h4 d5 (18... h5 $11 19. Nh2 Nf6) 19. g3 $1 $16 {[%cal Rg3f4]} dxe4 20. dxe4 (20. gxf4 {is interesting.} exf4 21. Ng2 f3 22. N2e3 f5 23. Nh2) 20... Qxd1 21. Raxd1 Ne6 22. Nd5 (22. Nxe5 $16 Nc5 23. Nd7 Nxe4 24. Nd5) 22... f6 $1 $11 23. h5 Rad8 24. Kg2 Kf7 25. Nge3 Nhf8 26. Nf5 Rd7 27. Nde3 Red8 28. Rxd7+ Rxd7 29. Rd1 Rxd1 30. Nxd1 {[%mdl 4096] Endgame KNN-KNN} Nc5 31. f3 a5 32. Kf1 Nfe6 33. Ke2 Ke8 34. Nde3 Kd7 35. b4 Na4 36. Kd3 axb4 37. cxb4 b5 38. Nd5 Nb2+ 39. Kc3 (39. Kc2 $5 {[%cal Rc2b2]} Nc4 40. Kd3 $11) 39... Na4+ 40. Kd2 c6 41. Nde3 Nb6 42. Kd3 Na4 43. Nd1 Kc7 44. Ke3 Nb6 45. Nb2 Kd7 46. Nd3 Nc4+ 47. Ke2 Ke8 48. Nc5 Nxc5 49. bxc5 {KN-KN} Kf7 50. Kd3 {With the idea Kc3.} Nb2+ 51. Kc3 Na4+ 52. Kb4 Kf8 53. Nd6 Ke7 54. Nc8+ (54. Nc4 $5) 54... Kd8 55. Nd6 {Nf5 is the strong threat.} Ke7 $1 56. a3 (56. Nc4 $5) 56... Ke6 57. Nf5 Kf7 58. f4 Kf8 59. Nh4 {Hoping for fxe5.} Kf7 60. Ng2 g6 61. hxg6+ Kxg6 62. Nh4+ Kf7 63. fxe5 fxe5 64. Nf3 Kf6 65. g4 Ke6 66. Ne1 Kf6 67. Nd3 Ke6 68. Ka5 Nc3 (68... Kf6 $1 $11 {remains equal.}) 69. Kb6 $16 Nxe4 70. Kxc6 Nc3 {[#]} (70... Nf6 $16) 71. Kb7 $1 $18 {Black must now prevent c6.} e4 $2 {[#]} (71... Ne4 72. Kb6 Kd5 73. Nb4+ Ke6 74. Kxb5 Nc3+ 75. Kc4 Na4) 72. Nf4+ $2 (72. c6 $1 $18 {[%cal Rc6c7]} exd3 73. c7) 72... Ke5 $14 73. c6 {[%cal Bc5c6,Bc6c7][%mdl 32]} e3 $1 74. c7 Ne4 $1 75. Ne2 Nd6+ 76. Kc6 {aiming for Nc3.} Ke6 $2 {[%mdl 8192]} (76... Nc8 $14) 77. Nd4+ Ke5 78. Nxb5 Nc8 {And now ...e2 would win.} 79. Nc3 Kd4 $2 (79... Ke6 80. a4 Ne7+ 81. Kb7 Kd7) 80. Ne2+ $18 Kd3 81. Ng3 Kd4 82. Nf5+ Ke4 83. a4 {[%cal Ba3a4,Ba4a5,Ba5a6][%mdl 32]} Kf4 {[#]} 84. Nxe3 $1 {[%mdl 512] White mates.} Kxe3 85. a5 Kf4 86. Kb7 Nd6+ 87. Kb8 Kxg4 88. a6 {Precision: White = 56%, Black = 63%.} 1-0

[Event "Paris GCT 2017 Blitz"]
[Site "Paris"]
[Date "2017.06.25"]
[Round "11"]
[White "Nakamura, Hikaru"]
[Black "Grischuk, Alexander"]
[Result "1/2-1/2"]
[WhiteElo "2792"]
[BlackElo "2779"]
[Annotator "TA"]
[PlyCount "167"]
[EventDate "2017.??.??"]
[EventType "tourn"]
[EventCountry "FRA"]
[SourceTitle "playchess.com"]
[Source "ChessBase"]
[SourceQuality "1"]

{[%evp 9,167,5,23,-36,-5,-2,-11,-39,-33,-34,-19,-15,-8,-59,-73,-52,-55,-63,-55,-125,-113,-93,-69,-83,-54,-162,-52,-136,-129,-158,-83,-78,-83,-74,-37,-101,-58,-91,-82,-85,-56,-83,-66,-59,-54,-53,-23,-61,-41,-91,-54,-62,-66,-74,-54,-61,-39,-31,-29,-30,-17,-17,-13,-15,10,-15,-10,-19,-9,-20,-16,-29,-8,-22,-28,-41,-47,-63,-59,-54,-60,-54,0,-90,-77,-73,0,0,14,0,0,15,15,12,64,73,56,0,0,0,0,0,0,0,0,-8,-8,-20,-8,-14,-8,-17,0,-25,-12,-26,-14,-33,-8,-41,0,-9,-11,-25,-14,-187,150,0,0,-8,-9,-18,-8,-9,-12,-26,0,0,0,-8,-8,-12,0,-20,-8,-8,8,-8,0,0,0,-8,-8,-8,-8,-8,-8,0,0,0]} 1. Nf3 Nf6 2. e3 g6 3. b3 Bg7 4. Bb2 O-O 5. d4 c5 {LiveBook: 55 Games} 6. d5 {A48: 1 d4 Nf6 2 Nf3 g6: Torre, London and Colle Systems} (6. dxc5 $11 Qa5+ 7. Nbd2) (6. Be2 cxd4 7. exd4 d5 8. O-O Bf5 9. c4 Nc6 10. Nc3 Rc8 11. Ne5 dxc4 12. Nxc6 Rxc6 13. bxc4 Qa5 14. c5 Rd8 15. Bf3 Rxc5 16. dxc5 Rxd1 17. Raxd1 h5 18. Nd5 Nxd5 19. Bxg7 Kxg7 20. Bxd5 Qxc5 21. Bxb7 {½-½ (38) Matnadze,A (2411)-Salgado Lopez,I (2622) Wroclaw 2014}) 6... b5 7. Be2 $146 ({Not} 7. Bxb5 $2 Qa5+ 8. Nbd2 (8. Nc3 $2 Ne4 $19) 8... Qxb5 $19) ({Predecessor:} 7. a4 b4 8. Nbd2 Nxd5 9. Bxg7 Kxg7 10. Ne4 e6 11. Nxc5 Qc7 12. Qd4+ {0-1 (43) Loifenfeld,J (2416)-Scholz,C (2383) Germany 2003}) 7... Qa5+ 8. c3 Bb7 9. a4 Nxd5 10. axb5 Qb6 11. O-O (11. Qd2 $11) 11... a6 $15 12. bxa6 Nxa6 13. Qc2 {[#]} Nab4 $1 {[%mdl 512]} 14. Qc1 (14. cxb4 $15 Nxb4 15. Qd2 Rxa1 16. Bxa1 Bxa1 17. Na3) 14... Rxa1 $17 15. Bxa1 Ra8 16. Bb2 Nc6 17. Nfd2 (17. c4 $15 Nf6 18. Nfd2) 17... d6 (17... Ra2 $19 18. Bc4 Ne5) 18. Rd1 (18. c4 $15 Nf6 19. Nc3) 18... Ne5 $1 19. Bf1 Ba6 (19... Ra2 $142 20. Na3 Ba6) 20. c4 Nb4 21. Ne4 Bb7 22. Nbc3 ({Better is} 22. Nec3 $15) 22... Bc6 23. Qb1 Qb7 24. Nd2 Na6 25. h3 Nc7 26. Qc2 h5 27. Qb1 Na6 28. Ne2 Nb4 29. Nc1 Nd7 30. Bxg7 Kxg7 31. Qb2+ Kg8 32. Nb1 Qa7 33. Nc3 Qa3 34. Qd2 Nf6 35. f3 Na6 {[%cal Bb4a6,Ba6c7,Bc7e6,Be6d4][%mdl 32]} 36. e4 Nc7 37. Nd5 Bxd5 38. exd5 Ra6 39. Qc3 Qa1 40. Qd2 e5 41. dxe6 Nxe6 42. Ne2 Qe5 43. Re1 Kg7 44. h4 Ra3 45. Rb1 Ra6 (45... Nd7 $15) 46. Nc3 (46. Re1 $11) 46... Nd4 47. Nb5 Qf5 (47... Nf5 $1 $17) 48. Qb2 Qf4 49. Nxd4 cxd4 ({Don't play} 49... Qxd4+ $6 50. Qxd4 cxd4 51. b4 $16) 50. Rd1 Qe3+ 51. Kh1 Rb6 ({Black should play} 51... Ra7 $11) 52. b4 $1 $14 Qf4 53. Rxd4 (53. b5 $14) 53... Rxb4 $1 $11 54. Rxf4 Rxb2 $14 {[%mdl 4096] Endgame KRB-KRN} 55. Rd4 Rb6 (55... Rb1 $5 {[%cal Rb1f1]} 56. Kg1 Rb6 $11) 56. Kh2 Nd7 57. Rd5 Kf6 58. Rb5 Rc6 59. Kg3 Ne5 60. Rb4 Rc5 61. Kf4 (61. f4 $5 {[%cal Rf4e5]} Nd7 62. Rb7 $11) 61... Ke6 62. Ke4 Rc7 63. g3 Rc6 64. f4 Nd7 (64... Nxc4 $5 {[%cal Rc4d2]} 65. Kd4 (65. Bxc4+ $2 Rxc4+ 66. Rxc4 d5+ 67. Kd3 dxc4+ 68. Kxc4 Kf5 $19) 65... Na5 $17) 65. Bh3+ f5+ 66. Kd4 Ra6 {Hoping for ...Ra3.} 67. Bg2 $2 {[#]} (67. Rb3 $11 {and White is okay.}) 67... Ra3 $2 {[#]} (67... Nc5 $1 $19 68. Bd5+ Kd7) 68. Bd5+ (68. Rb7 $1 $16 Nf6 69. Rg7) 68... Ke7 $11 69. Rb7 Kd8 {Strongly threatening ...Nc5.} 70. c5 $1 {[%cal Rc5c6]} Nxc5 71. Rg7 Rxg3 72. Bf7 Rf3 73. Kd5 {The position is equal.} Ke7 74. Bg8+ Kf8 75. Rxg6 Rxf4 76. Bh7 Rxh4 {And now ...Kf7 would win.} 77. Kxd6 Rg4 78. Rh6 Kg7 79. Rxh5 Ne4+ 80. Ke5 Nf6 81. Bxf5 Nxh5 82. Bxg4 Nf6 83. Kf4 Nxg4 84. Kxg4 {Precision: White = 39%, Black = 38%.} 1/2-1/2

[Event "Paris GCT 2017 Blitz"]
[Site "Paris"]
[Date "2017.06.25"]
[Round "11"]
[White "Mamedyarov, Shakhriyar"]
[Black "Topalov, Veselin"]
[Result "1-0"]
[WhiteElo "2784"]
[BlackElo "2725"]
[Annotator "TA"]
[PlyCount "43"]
[EventDate "2017.??.??"]
[EventType "tourn"]
[EventCountry "FRA"]
[SourceTitle "playchess.com"]
[Source "ChessBase"]
[SourceQuality "1"]

{[%evp 9,43,30,29,20,36,14,32,37,50,27,71,57,63,60,54,16,29,-41,-39,-26,0,-33,-3,-44,60,27,98,86,91,92,404,389,404,389,538,524]} 1. d4 d5 2. c4 c6 3. Nf3 a6 4. Qc2 g6 $146 ({Predecessor:} 4... Nf6 5. Bf4 g6 6. c5 Bg7 7. Nbd2 Nh5 8. Bg5 h6 9. Bh4 g5 10. Bg3 Nxg3 11. hxg3 Nd7 12. e3 g4 {1-0 (78) Gausel,E (2587)-Lyrberg,P (2591) Sweden 2004}) 5. e4 dxe4 6. Qxe4 {D11: Slav Defence: 3 Nf3 sidelines and 3...Nf6 4 e3 Bg4} Bg7 7. Nc3 Nh6 {[%cal Bg8h6,Bh6f5,Bf5d6][%mdl 32]} 8. Bg5 {White is slightly better.} Nf5 9. O-O-O Nd7 10. g4 Nd6 11. Qe3 Nf6 12. h3 (12. Bxf6 $5 Bxf6 13. Rg1 $11) 12... h5 13. gxh5 (13. Bxf6 $11 Bxf6 14. Rg1) 13... Rxh5 $15 14. h4 Bg4 15. Be2 Nf5 16. Qd3 (16. Qf4 $5 {[%cal Rg5f6]} Qd6 17. Ne5 Bxe2 18. Nxe2 $11) 16... b5 (16... Qc7 $15) 17. Rhg1 {aiming for Bxf6.} (17. Bxf6 $5 Bxf6 18. Qe4 $14) 17... bxc4 (17... Nxh4 $1 $11 18. Bxf6 (18. Bxh4 Bh6+ 19. Nd2 Bxe2 $17) (18. cxb5 $2 Nxf3 19. Bxf6 Bh6+ 20. Kb1 Bf5 $19) 18... Bf5) 18. Qxc4 $16 Nd6 {[#]} 19. Qa4 $1 {And now Bxf6 would win.} Qc8 $2 {[%mdl 8192] [#]} (19... Nb5 $16) 20. Bxf6 $1 $18 Bxf6 {[#]} 21. Rxg4 $1 {[%mdl 512]} Qxg4 22. Qxc6+ {Precision: White = 54%, Black = 20%.} 1-0